000 00571nam a2200229Ia 4500
003 OSt
005 20221005132323.0
006 a|||||r|||| 00| 0
007 ta
008 221004b |||||||| |||| 00| 0 tam d
024 _a48175
037 _cTextual
040 _aCRL
_cCRL
_btam
041 _2tam
_atam
082 _aO31,1C5, J5
100 _aGovindharasanar Au.
_9640922
245 0 _aThirukkural natakam
260 _c1955
650 _aTAMIL POETRY
942 _hO31,1C5, J5
_cTEXL
_2cc
999 _c1063251
_d1063251